Portland Trail Blazers All-Time Scoring Leaders - Statistics

General Stats
  • This quiz has been taken 39 times
  • The average score is 12 of 20
Answer Stats
Points Player % Correct
14586 Damian Lillard
97%
18040 Clyde Drexler
94%
8723 CJ McCollum
85%
12562 LaMarcus Aldridge
82%
6107 Brandon Roy
79%
9119 Rasheed Wallace
74%
5629 Arvydas Sabonis
71%
11330 Terry Porter
68%
5677 Buck Williams
62%
10405 Clifford Robinson
59%
6745 Damon Stoudamire
56%
10067 Jerome Kersey
56%
7188 Kevin Duckworth
53%
9215 Mychal Thompson
50%
6202 Zach Randolph
50%
9732 Geoff Petrie
41%
10003 Jim Paxson
41%
6698 Kiki Vandeweghe
26%
8882 Sidney Wicks
24%
5738 Calvin Natt
9%
No matching quizzes found
Score Distribution
Percent of People with Each Score
Percentile by Number Answered
Your Score History
You have not taken this quiz